000 01446nam a22002657a 4500
999 _c491
_d491
005 20190816142322.0
008 190816b ||||| |||| 00| 0 eng d
020 _a9780746000540
040 _cKH8
082 _a448.242 WIL
100 _aWilkes, Angela
245 _aFrench for beginners /
_cAngela Wilkes; illustrated by John Shackell.
260 _aLondon :
_bUsborne,
_c2001.
300 _a48 pages :
_bcolor illustrations ;
_c25 cm.
440 _aUsborne internet-linked.
505 _aAbout this book; saying hello; what is your name?; naming things; where do you come from?; more about you; your family; your home; looking for things; what do you like eating?; table talk; your hobbies; telling the time; arranging things; asking where places are; finding your way around; going shopping; shopping and going to a cafe; the months and seasons; colours and numbers; pronunciation guide; grammar; answers to puzzles.
520 _aTeaches French vocabulary and grammar for a variety of topics such as food, hobbies and seasons.
650 _aFrench language
_vSpoken French
_xJuvenile literature.
650 _aFrench language
_vConversation and phrase books
_xEnglish
_yJuvenile literature.
650 _aFrench language
_vProblems, exercises, etc.
_xJuvenile literature.
700 _aShackell, John
_eIllustrator
700 _aPriddy, Roger
_eDesigner
700 _aHolmes, Françoise
_eLanguage consultant
942 _2ddc
_cNFIC